Indeksacja plac w okresie transformacji systemowej.
S oživením ekonomiky nemožno rátať bez obnovy spotrebného dopytu. Indexácia miezd ako nevyhnutná činnosť. Rozličné aspekty indexácie. Vzorec procesu indexácie. Ekvivalentná a živelná indexácia. Scenáre indexácie - ukazovatele. Hrozba nadmerného urýchlenia inflácie môže byť spätá nielen so scenárom n...
Gespeichert in:
| 1. Verfasser: | |
|---|---|
| Format: | Buchkapitel |
| Sprache: | Polnisch |
| Schlagworte: | |
| Tags: |
Keine Tags, Fügen Sie das erste Tag hinzu!
|
MARC
| LEADER | 00000naa a2200000 4500 | ||
|---|---|---|---|
| 001 | r009479 | ||
| 005 | 20221125122837.4 | ||
| 041 | 0 | |a pol | |
| 044 | |a PL | ||
| 245 | 1 | 0 | |a Indeksacja plac w okresie transformacji systemowej. |c P. Boguszewski |
| 520 | |a S oživením ekonomiky nemožno rátať bez obnovy spotrebného dopytu. Indexácia miezd ako nevyhnutná činnosť. Rozličné aspekty indexácie. Vzorec procesu indexácie. Ekvivalentná a živelná indexácia. Scenáre indexácie - ukazovatele. Hrozba nadmerného urýchlenia inflácie môže byť spätá nielen so scenárom neadekvátnej, ale aj neekvivalentnej indexácie. | ||
| 610 | 2 | 0 | |a indexy |
| 610 | 2 | 0 | |a mzdy |
| 610 | 2 | 0 | |a transformácia |
| 610 | 2 | 0 | |a dopyt spotrebiteľský |
| 610 | 2 | 0 | |a inflácia |
| 610 | 2 | 0 | |a oživenie |
| 610 | 2 | 0 | |a ukazovatele ekonomické |
| 100 | 1 | |a Boguszewski, P. | |